Persona 5 Royal All Skills - Statistics

General Stats
  • This quiz has been taken 330 times
    23 since last reset
  • The average score is 82 of 394
Answer Stats
Type Rarity HP/SP Skill % Correct
Fire Normal 3 SP Agi
85%
Ice Normal 4 SP Bufu
85%
Wind Normal 3 SP Garu
80%
Fire Normal 12 SP Agidyne
75%
Ice Normal 10 SP Mabufu
75%
Elec Normal 4 SP Zio
75%
Ice Normal 8 SP Bufula
70%
Nuke Normal 4 SP Frei
70%
Wind Normal 10 SP Garudyne
70%
Wind Normal 6 SP Garula
70%
Elec Normal 12 SP Ziodyne
70%
Recovery Normal 3 SP Dia
65%
Nuke Normal 12 SP Freidyne
65%
Ice Normal 22 SP Mabufudyne
65%
Nuke Normal 10 SP Mafrei
65%
Nuke Normal 22 SP Mafreidyne
65%
Wind Normal 8 SP Magaru
65%
Wind Normal 20 SP Magarudyne
65%
Wind Normal 14 SP Magarula
65%
Fire Normal 10 SP Maragi
65%
Ice Normal 12 SP Bufudyne
60%
Recovery Normal 6 SP Diarama
60%
Curse Normal 4 SP Eiha
60%
Nuke Normal 8 SP Freila
60%
Ice Normal 16 SP Mabufula
60%
Nuke Normal 16 SP Mafreila
60%
Psy Normal 10 SP Mapsi
60%
Psy Normal 16 SP Mapsio
60%
Fire Normal 22 SP Maragidyne
60%
Elec Normal 10 SP Mazio
60%
Elec Normal 22 SP Maziodyne
60%
Recovery Normal 7 SP Media
60%
Psy Normal 4 SP Psi
60%
Fire Normal 8 SP Agilao
55%
Fire Normal 54 SP Blazing Hell
55%
Curse Normal 10 SP Maeiha
55%
Psy Normal 22 SP Mapsiodyne
55%
Recovery Normal 12 SP Mediarama
55%
Almighty DLC 40 SP Myriad Truths
55%
Psy Normal 8 SP Psio
55%
Psy Normal 12 SP Psiodyne
55%
Elec Normal 8 SP Zionga
55%
Curse (instakill) Unique 40 SP Die For Me!
50%
Curse Normal 8 SP Eiga
50%
Physical Normal 25% HP God's Hand
50%
Bless (instakill) Normal 6 SP Hama
50%
Curse Normal 16 SP Maeiga
50%
Almighty Normal 15 SP Megido
50%
Almighty Normal 24 SP Megidola
50%
Almighty Normal 38 SP Megidolaon
50%
Gun Normal 17% HP One-Shot Kill
50%
Recovery Normal 18 SP Diarahan
45%
Bless Normal 8 SP Kouga
45%
Bless Normal 4 SP Kouha
45%
Bless Normal 16 SP Makouga
45%
Elec Normal 16 SP Mazionga
45%
Curse (instakill) Normal 6 SP Mudo
45%
Curse (instakill) Normal 12 SP Mudoon
45%
Support Normal 8 SP Tarukaja
45%
Nuke Normal 48 SP Atomic Flare
40%
Ice Normal 48 SP Diamond Dust
40%
Ice Normal 54 SP Ice Age
40%
Bless (instakill) Normal 14 SP Mahama
40%
Bless Normal 10 SP Makouha
40%
Curse (instakill) Normal 14 SP Mamudo
40%
Curse (instakill) Normal 26 SP Mamudoon
40%
Fire Normal 16 SP Maragion
40%
Recovery Normal 30 SP Mediarahan
40%
Recovery Normal 48 SP Salvation
40%
Gun Normal 16% HP Triple Down
40%
Nuke Normal 54 SP Cosmic Flare
35%
Passive Normal Counter
35%
Curse Normal 12 SP Eigaon
35%
Passive Normal Fire Boost
35%
Bless (instakill) Normal 12 SP Hamaon
35%
Passive Normal Ice Boost
35%
Bless Normal 12 SP Kougaon
35%
Curse Normal 22 SP Maeigaon
35%
Bless (instakill) Normal 26 SP Mahamaon
35%
Bless Normal 22 SP Makougaon
35%
Support Normal 24 SP Marakukaja
35%
Support Normal 24 SP Marakunda
35%
Support Normal 24 SP Masukukaja
35%
Support Normal 24 SP Masukunda
35%
Support Normal 24 SP Matarukaja
35%
Support Normal 24 SP Matarunda
35%
Support Normal 8 SP Rakukaja
35%
Support Normal 8 SP Rakunda
35%
Support Normal 8 SP Sukukaja
35%
Support Normal 8 SP Sukunda
35%
Support Normal 8 SP Tarunda
35%
Recovery Normal 12 SP Amrita Shower
30%
Passive Normal Bless Amp
30%
Passive Normal Bless Boost
30%
Physical Normal 24% HP Brave Blade
30%
Support Normal 15 SP Charge
30%
Physical Normal 6% HP Cleave
30%
Support Normal 15 SP Concentrate
30%
Passive Normal Counterstrike
30%
Passive Normal Curse Boost
30%
Support Normal 30 SP Debilitate
30%
Passive Normal Elec Amp
30%
Passive Normal Elec Boost
30%
Passive Normal Fire Amp
30%
Passive Normal Gun Amp
30%
Passive Normal Gun Boost
30%
Passive Normal Ice Amp
30%
Fire Normal 48 SP Inferno
30%
Recovery Normal 8 SP Me Patra
30%
Almighty Unique 55 SP Morning Star
30%
Passive Normal Nuke Amp
30%
Passive Normal Nuke Boost
30%
Recovery Normal 4 SP Patra
30%
Passive Normal Psy Amp
30%
Passive Normal Psy Boost
30%
Support Normal 24 SP Tetrakarn
30%
Elec Normal 48 SP Thunder Reign
30%
Passive Normal Wind Amp
30%
Passive Normal Wind Boost
30%
Physical Normal 24% HP Agneyastra
25%
Passive Normal Apt Pupil
25%
Support Ally 90 SP Checkmate
25%
Passive Normal Curse Amp
25%
Support Normal 10 SP Dekaja
25%
Physical Unique 25% HP Hassou Tobi
25%
Physical Normal 9% HP Headbutt
25%
Support Normal 30 SP Heat Riser
25%
Passive Normal High Counter
25%
Physical Normal 3% HP Lucky Punch
25%
Physical Normal 5% HP Lunge
25%
Passive Normal Mudo Boost
25%
Wind Normal 42 SP Panta Rhei
25%
Support Normal 10 SP Revolution
25%
Gun Normal 24% HP Riot Gun
25%
Almighty Normal 3 SP Spirit Drain
25%
Physical Normal 21% HP Sword Dance
25%
Physical Normal 23% HP Vorpal Blade
25%
Passive Normal Almighty Amp
20%
Passive Normal Almighty Boost
20%
Recovery Normal 6 SP Amrita Drop
20%
Almighty Normal 48 SP Black Viper
20%
Support Normal 10 SP Dekunda
20%
Bless Normal 38 SP Divine Judgement
20%
Wind Normal 48 SP Vacuum Wave
20%
Passive Normal Dodge Bless
20%
Passive Normal Dodge Curse
20%
Passive Normal Dodge Elec
20%
Passive Normal Dodge Fire
20%
Passive Normal Dodge Ice
20%
Passive Normal Dodge Nuke
20%
Passive Normal Dodge Psy
20%
Passive Normal Dodge Wind
20%
Gun Normal 12% HP Double Shot
20%
Passive Normal Evade Bless
20%
Passive Normal Evade Curse
20%
Passive Normal Evade Elec
20%
Passive Normal Evade Fire
20%
Passive Normal Evade Ice
20%
Passive Normal Evade Nuke
20%
Passive Normal Evade Psy
20%
Passive Normal Evade Wind
20%
Almighty Normal 8 SP Foul Breath
20%
Passive Normal Hama Boost
20%
Almighty Normal 3 SP Life Drain
20%
Support Normal 24 SP Makarakarn
20%
Ailment Normal 3 SP Marin Karin
20%
Support Normal 5 SP Rebellion
20%
Recovery Normal 8 SP Recarm
20%
Recovery Normal 18 SP Samarecarm
20%
Gun Normal 9% HP Snap
20%
Elec Normal 54 SP Wild Thunder
20%
Curse DLC 30 SP Abyssal Wings
15%
Passive Normal Attack Master
15%
Passive Normal Auto-Maraku
15%
Passive Normal Auto-Masuku
15%
Passive Normal Auto-Mataru
15%
Recovery Normal 4 SP Baisudi
15%
Support Ally 16 SP Brave Step
15%
Passive Normal Defense Master
15%
Curse Normal 38 SP Demonic Decree
15%
Ailment Normal 3 SP Dormina
15%
Gun Normal 8% HP Dream Needle
15%
Support Normal 6 SP Elec Break
15%
Support Normal 18 SP Elec Wall
15%
Recovery Normal 8 SP Energy Shower
15%
Passive Normal Fear Boost
15%
Support Normal 6 SP Fire Break
15%
Support Normal 18 SP Fire Wall
15%
Passive Normal Forget Boost
15%
Physical Normal 9% HP Giant Slice
15%
Physical Normal 20% HP Heat Wave
15%
Support Ally 90 SP Hyakka Ryouran
15%
Support Normal 6 SP Ice Break
15%
Support Normal 18 SP Ice Wall
15%
Recovery Normal 8 SP Mabaisudi
15%
Physical Ally 25% HP Masquerade
15%
Physical Normal 8% HP Miracle Punch
15%
Support Normal 6 SP Nuke Break
15%
Support Normal 18 SP Nuke Wall
15%
Support Normal 6 SP Psy Break
15%
Support Normal 18 SP Psy Wall
15%
Almighty Ally 99 SP Rebellion Blade
15%
Passive Normal Repel Fire
15%
Passive Normal Repel Phys
15%
Bless (instakill) Unique 40 SP Samsara
15%
Bless Unique 22 SP Shining Arrows
15%
Passive Normal Speed Master
15%
Almighty Normal 5 SP Stagnant Air
15%
Fire DLC 34 SP Titanomachia
15%
Support Normal 6 SP Wind Break
15%
Support Normal 18 SP Wind Wall
15%
Almighty Unique 50 SP Abyssal Eye
10%
Passive Normal Ailment Boost
10%
Passive Normal Arms Master
10%
Physical Normal 13% HP Assault Dive
10%
Passive Normal Brainwash Boost
10%
Passive Normal Burn Boost
10%
Recovery DLC 24 SP Cadenza
10%
Passive Normal Confuse Boost
10%
Physical Normal 22% HP Deathbound
10%
Passive Normal Despair Boost
10%
Passive Normal Dizzy Boost
10%
Passive Normal Dodge Phys
10%
Almighty DLC 32 SP Door of Hades
10%
Passive Normal Drain Bless
10%
Passive Normal Drain Curse
10%
Passive Normal Drain Elec
10%
Passive Normal Drain Fire
10%
Passive Normal Drain Ice
10%
Passive Normal Drain Nuke
10%
Passive Normal Drain Psy
10%
Passive Normal Drain Wind
10%
Passive Normal Endure
10%
Recovery Normal 4 SP Energy Drop
10%
Passive Normal Evade Phys
10%
Passive Normal Freeze Boost
10%
Recovery Unique 27 SP Holy Benevolence
10%
Support Ally 95 SP Life Wall
10%
Ailment Normal 8 SP Lullaby
10%
Passive Normal Magic Ability
10%
Physical Normal 16% HP Megaton Raid
10%
Physical Ally 16% HP Miracle Rush
10%
Recovery DLC 24 SP Neo Cadenza
10%
Passive Normal Null Bless
10%
Passive Normal Null Brainwash
10%
Passive Normal Null Confuse
10%
Passive Normal Null Curse
10%
Passive Normal Null Dizzy
10%
Passive Normal Null Elec
10%
Passive Normal Null Fire
10%
Passive Normal Null Forget
10%
Passive Normal Null Ice
10%
Passive Normal Null Nuke
10%
Passive Normal Null Phys
10%
Passive Normal Null Psy
10%
Passive Normal Null Sleep
10%
Passive Normal Null Wind
10%
Recovery DLC 38 SP Oratorio
10%
Ailment DLC 4 SP Phantom Show
10%
Psy Normal 54 SP Psycho Blast
10%
Psy Normal 48 SP Psycho Force
10%
Ailment Normal 3 SP Pulinpa
10%
Passive Normal Rage Boost
10%
Physical Normal 13% HP Rampage
10%
Passive Normal Repel Bless
10%
Passive Normal Repel Curse
10%
Passive Normal Repel Ice
10%
Passive Normal Repel Nuke
10%
Passive Normal Repel Psy
10%
Passive Normal Repel Wind
10%
Physical Normal 14% HP Rising slash
10%
Passive Normal Shock Boost
10%
Physical Normal 10% HP Sledgehammer
10%
Passive Normal Sleep Boost
10%
Passive Normal Spell Master
10%
Physical Normal 17% HP Swift Strike
10%
Support Normal 9 SP Tetra Break
10%
Support Normal 30 SP Thermopylae
10%
Passive Normal Victory Cry
10%
Passive Normal Ambient Aid
5%
Physical Unique 25% HP Ayamur
5%
Physical Normal 21% HP Bad Beat
5%
Ailment Normal 8 SP Brain Jack
5%
Physical DLC 20% HP Cross Slash
5%
Ailment Normal 3 SP Dazzler
5%
Physical Normal 16% HP Dormin Rush
5%
Physical Normal 10% HP Double Fangs
5%
Passive Normal Drain Phys
5%
Passive Normal Enduring Soul
5%
Passive Normal Fast Heal
5%
Support Ally 80 SP Fighting Spirit
5%
Physical Normal 19% HP Flash Bomb
5%
Almighty Normal 28 SP Ghastly Wail
5%
Physical Normal 25% HP Gigantomachia
5%
Passive Normal Growth 1
5%
Passive Normal Growth 2
5%
Passive Normal Growth 3
5%
Support Ally 80 SP High Energy
5%
Physical Ally 25% HP Laevateinn
5%
Passive Normal Last Stand
5%
Passive Normal Life Aid
5%
Curse DLC 30 SP Magatsu Mandala
5%
Support Normal 9 SP Makara Break
5%
Physical Normal 19% HP Mind Slice
5%
Passive Ally Moral Support
5%
Physical Normal 20% HP Myriad Slashes
5%
Passive Normal Null Fear
5%
Passive Normal Null Rage
5%
Passive Normal Regenerate 1
5%
Passive Normal Regenerate 2
5%
Passive Normal Regenerate 3
5%
Passive Normal Repel Elec
5%
Passive Normal Resist Bless
5%
Passive Normal Resist Brainwash
5%
Passive Normal Resist Confuse
5%
Passive Normal Resist Curse
5%
Passive Normal Resist Dizzy
5%
Passive Normal Resist Elec
5%
Passive Normal Resist Fear
5%
Passive Normal Resist Fire
5%
Passive Normal Resist Forget
5%
Passive Normal Resist Ice
5%
Passive Normal Resist Nuke
5%
Passive Normal Resist Psy
5%
Passive Normal Resist Sleep
5%
Passive Normal Resist Wind
5%
Passive Normal Sharp Student
5%
Physical Normal 10% HP Skull Cracker
5%
Ailment Normal 3 SP Taunt
5%
Ailment Normal 8 SP Tentarafoo
5%
Physical Normal 8% HP Terror Claw
5%
Support Normal 24 SP Tetraja
5%
Passive Ally Treasure Reboot
5%
Passive Normal Trigger Happy
5%
Ailment Normal 8 SP Wage War
5%
Ailment Normal 8 SP Abysmal Surge
0%
Passive Ally Active Support
0%
Passive Normal Adverse Resolve
0%
Physical DLC 20% HP Akashic Arts
0%
Passive Ally Analysis
0%
Passive Normal Angelic Grace
0%
Physical DLC 20% HP Beast Weaver
0%
Physical Normal 22% HP Bloodbath
0%
Physical Normal 22% HP Brain Buster
0%
Physical Normal 9% HP Brain Shake
0%
Passive Normal Climate Decorum
0%
Physical Normal 10% HP Cornered Fang
0%
Physical Normal 18% HP Deadly Fury
0%
Physical Normal 20% HP Death Scythe
0%
Passive Normal Divine Grace
0%
Passive Ally Emergency Shift
0%
Ailment Normal 8 SP Evil Smile
0%
Ailment Normal 3 SP Evil Touch
0%
Passive Ally Final Guard
0%
Passive Normal Firm Stance
0%
Passive Normal Fortified Moxy
0%
Passive Normal Fortify Spirit
0%
Physical Normal 16% HP Gattling Blows
0%
Passive Normal Heat Up
0%
Passive Unique Holy Embrace
0%
Passive Unique Holy Whisper
0%
Physical Normal 9% HP Hysterical Slap
0%
Passive Normal Insta-Heal
0%
Passive Normal Invigorate 1
0%
Passive Normal Invigorate 2
0%
Passive Normal Invigorate 3
0%
Physical Normal 14% HP Kill Rush
0%
Ailment Normal 3 SP Makajam
0%
Ailment Normal 8 SP Makajamaon
0%
Passive Ally Mementos Scan
0%
Physical Normal 15% HP Memory Blow
0%
Physical Normal 12% HP Negative Pile
0%
Ailment Normal 8 SP Nocturnal Flash
0%
Passive Normal Null Despair
0%
Ailment Normal 3 SP Ominous Words
0%
Physical Normal 16% HP Oni Kagura
0%
Passive Ally Position Hack
0%
Physical Normal 10% HP Power Slash
0%
Passive Normal Resist Despair
0%
Passive Normal Resist Rage
0%
Passive Normal Soul Chain
0%
Passive Ally Subrecover HP
0%
Passive Ally Subrecover HP EX
0%
Passive Ally Subrecover SP
0%
Passive Ally Subrecover SP EX
0%
Passive Normal Survival Trick
0%
Physical Normal 17% HP Tempest Slash
0%
Passive Normal Touch n’ Go
0%
Passive Ally Treasure Skimmer
0%
Passive Unique Tyrant’s Mind
0%
Passive Ally Ultimate Support
0%
Passive Unique Unshaken Will
0%
Physical Normal 13% HP Vajra Blast
0%
Physical Normal 18% HP Vicious Strike
0%
No matching quizzes found
Score Distribution
Percent of People with Each Score
Percentile by Number Answered
Your Score History
You have not taken this quiz since the last reset